Normal view
MARC view
- Association of Engineering Geologists.
Entry Corporate Name
001 - CONTROL NUMBER
- control field: 2130
003 - CONTROL NUMBER IDENTIFIER
- control field: NUST
005 - DATE AND TIME OF LATEST TRANSACTION
- control field: 20170607105955.0
008 - FIXED-LENGTH DATA ELEMENTS
- fixed length control field: 170607|| aca||aabn | a|a d
040 ## - CATALOGING SOURCE
- Original cataloging agency: NUST
- Transcribing agency: NUST
110 ## - HEADING--CORPORATE NAME
- Corporate name or jurisdiction name as entry element: Association of Engineering Geologists.
670 ## - SOURCE DATA FOUND
- Source citation: Work cat.: (NUST)0: Symposium on Engineering Geology in the Urban Environment, San Francisco, 1969. 2125, Environmental planning and geology;, 1971]
